000 00403nam a2200181Ia 4500
005 20250603145851.0
008 250603s9999 xx 000 0 und d
020 _a0684850265
050 _aPS 3558 .E4753/
100 _aRobert Hellenga
245 4 _aThe Fall Of a Sparrow
260 _aNey York
260 _bScribner
260 _c1998
300 _a463 p
650 _aNey York
942 _cBK
999 _c43093
_d43093